[Event "ESP-ch U12"]
[Site "Salobrena"]
[Date "2012.07.07"]
[Round "9.8"]
[White "Roig Serralta, Nadal"]
[Black "Larraga Navarro, Adrian"]
[Result "1/2-1/2"]
[WhiteElo "1721"]
[BlackElo "1646"]
[PlyCount "96"]
[EventDate "2012.07.02"]
[EventType "swiss"]
[EventRounds "9"]
[EventCountry "ESP"]
[SourceTitle "EXT 2024"]
[Source "ChessBase"]
[SourceDate "2023.10.10"]
[SourceVersion "1"]
[SourceVersionDate "2023.10.10"]
[SourceQuality "1"]

1. d4 Nf6 2. Nf3 g6 3. g3 Bg7 4. Bg2 0-0 5. c4 d6 6. 0-0 Nbd7 7. Nc3 e5 8. Qc2 c6 9. Rd1 Qe7 10. b3 exd4 11. Nxd4 Nc5 12. Ba3 Rd8 13. Bxc6 bxc6 14. Nxc6 Qc7 15. Nxd8 Bf5 16. Qd2 Nfe4 17. Qd5 Rxd8 18. Nb5 Qb6 19. Bxc5 Qxc5 20. Qxc5 Nxc5 21. Nd4 Ne6 22. e3 Nxd4 23. exd4 Rc8 24. Rac1 Bg4 25. Rd2 Bf3 26. Re1 Kf8 27. Rd3 Bb7 28. f4 Ba6 29. d5 Bb2 30. Kf2 Ba3 31. Kf3 Bb4 32. Re2 Re8 33. Rde3 Rxe3+ 34. Rxe3 Bc5 35. Re2 Ba3 36. Kg4 h6 37. f5 Bc8 38. Kf3 Bxf5 39. g4 Bc8 40. h4 h5 41. gxh5 gxh5 42. Kg3 Bg4 43. Re4 f5 44. Re1 Bb4 45. Rf1 Bd2 46. a3 a5 47. Rb1 f4+ 48. Kf2 f3 1/2-1/2

[Event "ESP-ch U12"]
[Site "Salobrena"]
[Date "2012.07.02"]
[Round "1.12"]
[White "Roig Serralta, Nadal"]
[Black "Quinonero Padilla, Maria"]
[Result "1-0"]
[WhiteElo "1721"]
[BlackElo "1376"]
[PlyCount "39"]
[EventDate "2012.07.02"]
[EventType "swiss"]
[EventRounds "9"]
[EventCountry "ESP"]
[SourceTitle "EXT 2024"]
[Source "ChessBase"]
[SourceDate "2023.10.10"]
[SourceVersion "1"]
[SourceVersionDate "2023.10.10"]
[SourceQuality "1"]

1. d4 d5 2. g3 e6 3. Bg2 Nf6 4. Nf3 c5 5. 0-0 Nc6 6. c4 Be7 7. Nc3 0-0 8. cxd5 exd5 9. dxc5 Bxc5 10. Bg5 Be7 11. Nd4 Nxd4 12. Qxd4 Be6 13. Qd2 Rc8 14. Bxf6 Bxf6 15. Nxd5 Bxb2 16. Qxb2 Bxd5 17. Rfd1 b6 18. Rxd5 Qe7 19. Rad1 g6 20. Rd7 1-0

[Event "Baleares-ch Escolar"]
[Site "Mallorca"]
[Date "2012.05.26"]
[Round "5"]
[White "Roig Serralta, Nadal"]
[Black "Moreno Iglesias, Joan"]
[Result "1-0"]
[WhiteElo "1724"]
[BlackElo "1694"]
[PlyCount "95"]
[EventDate "2012.05.24"]
[EventType "swiss"]
[EventRounds "6"]
[EventCountry "ESP"]
[SourceTitle "EXT 2014"]
[Source "ChessBase"]
[SourceDate "2013.11.20"]
[SourceVersion "1"]
[SourceVersionDate "2013.11.20"]
[SourceQuality "1"]

1. d4 d5 2. g3 e6 3. Bg2 c5 4. Nf3 Nf6 5. 0-0 Nc6 6. c4 dxc4 7. Ne5 Nxe5 8. dxe5 Qxd1 9. Rxd1 Nd7 10. f4 Be7 11. Na3 c3 12. bxc3 0-0 13. Bxb7 Nb6 14. Bxa8 Nxa8 15. Be3 Nb6 16. Kf2 Nd5 17. c4 Nxe3 18. Kxe3 a6 19. Rab1 f6 20. exf6 Bxf6 21. Rd6 e5 22. Rc6 exf4+ 23. gxf4 Bg4 24. Rxa6 Re8+ 25. Kf2 Bxe2 26. Rab6 Bd4+ 27. Kg2 Bd3 28. Rb8 Kf7 29. Rxe8 Kxe8 30. Re1+ Kf7 31. Nb5 Bf6 32. Nd6+ Kg6 33. a4 Bd8 34. Nb7 Bh4 35. Re3 Bxc4 36. Nxc5 Bf6 37. Nd7 Bd5+ 38. Kf1 Bc4+ 39. Ke1 Bh4+ 40. Kd2 Bd5 41. a5 Bd8 42. a6 Ba5+ 43. Kd3 h6 44. Re5 Bc6 45. Rxa5 Bxd7 46. a7 Bc6 47. a8Q Bxa8 48. Rxa8 1-0

[Event "Baleares-ch Escolar"]
[Site "Mallorca"]
[Date "2012.05.25"]
[Round "2"]
[White "Roig Serralta, Nadal"]
[Black "Sanchez Garcia, Alberto"]
[Result "1/2-1/2"]
[WhiteElo "1724"]
[BlackElo "1535"]
[PlyCount "88"]
[EventDate "2012.05.24"]
[EventType "swiss"]
[EventRounds "6"]
[EventCountry "ESP"]
[SourceTitle "EXT 2014"]
[Source "ChessBase"]
[SourceDate "2013.11.20"]
[SourceVersion "1"]
[SourceVersionDate "2013.11.20"]
[SourceQuality "1"]

1. d4 Nf6 2. Nf3 e6 3. g3 d5 4. Bg2 Be7 5. 0-0 0-0 6. c4 dxc4 7. Ne5 c5 8. dxc5 Bxc5 9. Qa4 Qc7 10. Nxc4 Bd7 11. Qb3 Bc6 12. Bf4 Qe7 13. Nc3 Bxg2 14. Kxg2 Nc6 15. Rfd1 Rfd8 16. Ne5 Nd4 17. Qa4 Nd5 18. Rxd4 Bxd4 19. Qxd4 f6 20. Nf3 Nxf4+ 21. Qxf4 Rac8 22. Rc1 Qc5 23. Qe4 Qc6 24. Qe3 a5 25. Kg1 e5 26. Nh4 b5 27. Nf5 Rd7 28. Rf1 Qe6 29. Qe4 Rc4 30. Qa8+ Kf7 31. Ne3 Rb4 32. Rd1 Rxd1+ 33. Nexd1 Rd4 34. Qxa5 b4 35. e3 Rc4 36. Ne2 Qd7 37. Ndc3 bxc3 38. Nxc3 Qd2 39. Qb5 Qd3 40. a4 e4 41. a5 Rxc3 42. Qb7+ Kg6 43. bxc3 Qd1+ 44. Kg2 Qf3+ 1/2-1/2

[Event "Baleares-ch Escolar"]
[Site "Mallorca"]
[Date "2012.05.25"]
[Round "3"]
[White "Sanchez Garcia, Julio"]
[Black "Roig Serralta, Nadal"]
[Result "1-0"]
[WhiteElo "2124"]
[BlackElo "1724"]
[PlyCount "83"]
[EventDate "2012.05.24"]
[EventType "swiss"]
[EventRounds "6"]
[EventCountry "ESP"]
[SourceTitle "EXT 2014"]
[Source "ChessBase"]
[SourceDate "2013.11.20"]
[SourceVersion "1"]
[SourceVersionDate "2013.11.20"]
[SourceQuality "1"]

1. d4 Nf6 2. c4 e5 3. dxe5 Ng4 4. Bf4 Bb4+ 5. Nd2 d6 6. exd6 Qf6 7. Nh3 Nxf2 8. Kxf2 Bxh3 9. g3 Bxf1 10. Rxf1 Bxd6 11. Ne4 Qe7 12. Nxd6+ cxd6 13. Qxd6 Qxd6 14. Bxd6 Nc6 15. Rad1 0-0-0 16. Kg2 Rd7 17. Bc5 Rhd8 18. Rxd7 Rxd7 19. Be3 f6 20. Rc1 g6 21. a3 Re7 22. Rc3 Kd7 23. h3 Ne5 24. Bf2 Kc6 25. b4 Nd7 26. Rc2 Nb6 27. Bxb6 Kxb6 28. Kf3 Kc6 29. Rd2 a5 30. e4 axb4 31. axb4 b6 32. Rd5 Re8 33. Kf4 Re6 34. g4 Re7 35. h4 h6 36. e5 fxe5+ 37. Rxe5 Rf7+ 38. Ke4 Rf6 39. g5 hxg5 40. hxg5 Rd6 41. c5 bxc5 42. Rxc5+ 1-0